[Event "Tournament 14471 - Europe Echecs"]
[Site "Europe Echecs"]
[Date "2020.07.09"]
[Round "9"]
[Time "18:23:23"]
[PlyCount "179"]
[White "ThibousLeo"]
[Black "LalondeHugo"]
[WhiteElo "1380"]
[BlackElo "1590"]
[Mode "WEB"]
[Result "0-1"]

1. Nf3 d5 2. e3 Nf6 3. b3 Bf5 4. Bb2 e6 5. c4 c6 6. d4 Nbd7 7. Be2 Bd6 8. h3 Ne4
9. Nbd2 Qf6 10. Nxe4 dxe4 11. Nd2 Qg5 12. Bg4 h5 13. Bxf5 exf5 14. Qe2 Qxg2 15.
O-O-O Qg6 16. Rdg1 Qh6 17. d5 Be5 18. f4 Bxb2+ 19. Kxb2 Qf6+ 20. Kb1 cxd5 21.
cxd5 O-O-O 22. Rg5 g6 23. Rc1+ Kb8 24. Qb5 Qb6 25. Qa4 Nc5 26. Qa3 Nd3 27. Nc4
Qb4 28. Qxb4 Nxb4 29. Rgg1 Nd3 30. Rcd1 Rxd5 31. Ne5 Rf8 32. Kc2 Rc8+ 33. Kb1
Rc7 34. Nxd3 exd3 35. Rd2 Re7 36. Re1 Kc7 37. Kb2 Kb6 38. Kc3 Rc7+ 39. Kb2 Kb5
40. Red1 Rcd7 41. Kc3 Rc5+ 42. Kb2 Rdc7 43. Rxd3 Rc2+ 44. Ka3 R7c6 45. Rd5+ Kb6
46. Rd7 Rc7 47. R7d6+ R2c6 48. Rd7 Rxd7 49. Rxd7 Rc7 50. Rxc7 Kxc7 51. Kb4 Kc6
52. Kc4 f6 53. h4 b5+ 54. Kd4 a5 55. a3 Kd6 56. e4 fxe4 57. Kxe4 b4 58. axb4
axb4 59. Kd4 Ke6 60. Ke4 g5 61. fxg5 fxg5 62. hxg5 Kf7 63. Kf5 Kg7 64. Kf4 Kg6
65. Kg3 Kxg5 66. Kh3 h4 67. Kg2 Kg4 68. Kh2 h3 69. Kh1 Kg3 70. Kg1 Kf3 71. Kh2
Ke3 72. Kxh3 Kd3 73. Kg3 Kc3 74. Kf2 Kxb3 75. Ke2 Kc2 76. Ke3 b3 77. Kd4 b2 78.
Kd5 b1=Q 79. Kd6 Qb5 80. Ke6 Qc5 81. Kd7 Qb6 82. Ke7 Qc6 83. Kd8 Qb7 84. Ke8 Kc3
85. Kf8 Kd4 86. Ke8 Ke5 87. Kf8 Ke6 88. Kg8 Kf6 89. Kh8 Qg7# {ThibousLeo est échec et mat} 0-1

[Event "Tournament 14471 - Europe Echecs"]
[Site "Europe Echecs"]
[Date "2020.07.09"]
[Round "9"]
[Time "18:23:23"]
[PlyCount "108"]
[White "FraileLucas"]
[Black "VasselinLouis"]
[WhiteElo "1276"]
[BlackElo "1590"]
[Mode "WEB"]
[Result "1-0"]

1. e4 e6 2. d4 d5 3. exd5 exd5 4. Nc3 Nf6 5. Nf3 c5 6. Bb5+ Nc6 7. Ne5 Bd7 8.
Nxd7 Qxd7 9. Qe2+ Be7 10. dxc5 O-O 11. O-O Bxc5 12. Qf3 a6 13. Ba4 Rfe8 14. Bg5
Ne4 15. Nxe4 dxe4 16. Qd1 Qf5 17. Be3 Rad8 18. Qe2 Bd6 19. Bxc6 bxc6 20. Qxa6
Qh5 21. g3 Re6 22. Rae1 Rg6 23. Qe2 Qf5 24. Rd1 h5 25. h4 Re8 26. Bg5 f6 27.
Rxd6 fxg5 28. Rxg6 Qxg6 29. hxg5 Qxg5 30. Qc4+ Kh8 31. Qxc6 Rf8 32. Qxe4 Rf6 33.
Kg2 Qc5 34. b4 Qg5 35. Rh1 Rf8 36. a4 Kg8 37. Qe6+ Kh7 38. Qe4+ Kh6 39. a5 Qd2
40. Qe3+ Qxe3 41. fxe3 Rc8 42. Rc1 Rc4 43. c3 Kg5 44. Kf3 Rc6 45. b5 Rf6+ 46.
Kg2 Kg4 47. b6 Rf3 48. b7 Rxg3+ 49. Kf2 Rf3+ 50. Ke2 Rf8 51. a6 h4 52. a7 Kg3
53. b8=Q+ Rxb8 54. axb8=Q+ {VasselinLouis a abandonné} 1-0

[Event "Tournament 14471 - Europe Echecs"]
[Site "Europe Echecs"]
[Date "2020.07.09"]
[Round "9"]
[Time "18:23:23"]
[PlyCount "68"]
[White "PaiLiuPaul"]
[Black "GhazaryanGurge"]
[WhiteElo "1560"]
[BlackElo "1403"]
[Mode "WEB"]
[Result "1-0"]

1. e4 c5 2. Nf3 d6 3. d4 cxd4 4. Nxd4 Nf6 5. Nc3 g6 6. Be3 Bg7 7. f3 Nc6 8. Qd2
Bd7 9. Bc4 O-O 10. O-O-O a6 11. Bb3 Rc8 12. Bh6 Nxd4 13. Bxg7 Nxb3+ 14. axb3
Kxg7 15. h4 Qa5 16. Kb1 b5 17. g4 Qb6 18. h5 b4 19. Nd5 Qc5 20. Nxf6 exf6 21.
hxg6 fxg6 22. Qh6+ Kf7 23. Qxh7+ Ke6 24. Qxg6 Qxc2+ 25. Ka2 Qc5 26. Rd5 Qc7 27.
Rh7 Qa5+ 28. Rxa5 Rc5 29. Rxc5 dxc5 30. Qf5+ Kd6 31. Rxd7+ Kc6 32. Qd5+ Kb6 33.
Rb7+ Ka5 34. Qxc5# {GhazaryanGurge est échec et mat} 1-0

[Event "Tournament 14471 - Europe Echecs"]
[Site "Europe Echecs"]
[Date "2020.07.09"]
[Round "9"]
[Time "18:23:23"]
[PlyCount "72"]
[White "LaouamriSamy"]
[Black "BeurierNathan"]
[WhiteElo "1669"]
[BlackElo "1429"]
[Mode "WEB"]
[Result "1-0"]

1. e4 e5 2. Nf3 Nc6 3. Bc4 Bc5 4. d3 d6 5. c3 Nf6 6. Nbd2 Bg4 7. h3 Bh5 8. Nf1
Qd7 9. Ng3 Bg6 10. a4 O-O 11. O-O a6 12. Re1 Rfe8 13. d4 exd4 14. cxd4 Ba7 15.
e5 dxe5 16. dxe5 Qxd1 17. Rxd1 Nxe5 18. Nxe5 Rxe5 19. Bf4 Rc5 20. b3 Ne4 21.
Nxe4 Bxe4 22. Rd7 Bb6 23. Rad1 h6 24. Rxf7 Kh8 25. Rdd7 Rf5 26. Rxf5 Bxf5 27.
Re7 Rc8 28. Be5 Bc5 29. Rxg7 Bf8 30. Rf7+ Kg8 31. Rxf5+ Kh7 32. Rf7+ Kg6 33.
Rf6+ Kg5 34. f4+ Kh5 35. Bf7+ Kh4 36. Kh2 {BeurierNathan a abandonné} 1-0

[Event "Tournament 14471 - Europe Echecs"]
[Site "Europe Echecs"]
[Date "2020.07.09"]
[Round "9"]
[Time "18:23:23"]
[PlyCount "62"]
[White "DeshaiesClemen"]
[Black "OumerWalid"]
[WhiteElo "1600"]
[BlackElo "1365"]
[Mode "WEB"]
[Result "1-0"]

1. e4 c5 2. Nf3 d6 3. d4 cxd4 4. Nxd4 Nf6 5. Nc3 a6 6. Bc4 e6 7. Bb3 Be7 8. Be3
O-O 9. f3 b5 10. a3 Bb7 11. Qd2 Qc7 12. Bxe6 fxe6 13. Nxe6 Qc6 14. Nxf8 Kxf8 15.
O-O-O Nbd7 16. Bf4 Ne5 17. Bxe5 dxe5 18. Nd5 Rd8 19. Nxe7 Rxd2 20. Nxc6 Rxd1+
21. Rxd1 Bxc6 22. Rd6 Bb7 23. Rb6 Bxe4 24. fxe4 Nxe4 25. Re6 Nf2 26. h3 e4 27.
Kd2 Nh1 28. Rxe4 Ng3 29. Re6 a5 30. Rb6 Ne4+ 31. Ke3 {OumerWalid a abandonné} 1-0

[Event "Tournament 14471 - Europe Echecs"]
[Site "Europe Echecs"]
[Date "2020.07.09"]
[Round "9"]
[Time "18:23:23"]
[PlyCount "46"]
[White "PiquardYarosla"]
[Black "KienLancelot"]
[WhiteElo "1415"]
[BlackElo "1528"]
[Mode "WEB"]
[Result "1-0"]

1. e4 e5 2. Nf3 Nc6 3. Bc4 Bc5 4. c3 Nf6 5. d3 d6 6. b4 Bb6 7. O-O O-O 8. a4 a6
9. Nbd2 Be6 10. Qb3 Qd7 11. h3 Rad8 12. Bxe6 fxe6 13. Nc4 Ba7 14. b5 Ne7 15. b6
cxb6 16. Nxb6 Qc6 17. Qxe6+ Rf7 18. Ng5 Rdf8 19. a5 Qxc3 20. Ba3 Bb8 21. Nxf7
Rxf7 22. Bxd6 Bxd6 23. Qxd6 {KienLancelot a abandonné} 1-0

[Event "Tournament 14471 - Europe Echecs"]
[Site "Europe Echecs"]
[Date "2020.07.09"]
[Round "9"]
[Time "18:23:23"]
[PlyCount "67"]
[White "MoellerJoshua"]
[Black "FalipMoralesTo"]
[WhiteElo "1486"]
[BlackElo "1344"]
[Mode "WEB"]
[Result "0-1"]

1. d4 Nf6 2. c4 c5 3. d5 e6 4. Nc3 exd5 5. cxd5 d6 6. Nf3 g6 7. g3 Bg7 8. Bg2
O-O 9. O-O Re8 10. Nd2 Nbd7 11. e4 a6 12. a4 Rb8 13. Nc4 Ne5 14. Na3 Bd7 15. Re1
b5 16. axb5 axb5 17. Nc2 b4 18. Nb1 Ra8 19. Rxa8 Qxa8 20. Ne3 Qa1 21. Nd2 Nd3
22. Nb3 Qa6 23. Bf1 Bb5 24. Bxd3 Bxd3 25. Nd2 Nxe4 26. Nxe4 Rxe4 27. f3 Re7 28.
Qb3 Bc4 29. Qd1 Bd4 30. Kf2 Bxd5 31. f4 Qc8 32. Kf1 Qh3+ 33. Kf2 Qg2# {MoellerJoshua est échec et mat} 0-1

[Event "Tournament 14471 - Europe Echecs"]
[Site "Europe Echecs"]
[Date "2020.07.09"]
[Round "9"]
[Time "18:23:23"]
[PlyCount "95"]
[White "RavenelTangi"]
[Black "KurenkovAndrey"]
[WhiteElo "1463"]
[BlackElo "1322"]
[Mode "WEB"]
[Result "0-1"]

1. c4 e5 2. Nc3 Nf6 3. g3 d6 4. Bg2 c6 5. d3 Be6 6. Nf3 Nbd7 7. O-O Be7 8. Rb1
O-O 9. b4 d5 10. cxd5 cxd5 11. Nd2 d4 12. Nce4 Nxe4 13. Nxe4 Bxa2 14. Rb2 Be6
15. Bd2 Rb8 16. Qa1 a6 17. b5 axb5 18. Rxb5 Ra8 19. Qb2 Ra2 20. Qb1 f5 21. Nc5
Nxc5 22. Rxc5 Bxc5 23. Qc1 b6 24. Re1 Bd5 25. Bg5 Qd6 26. Qb1 Rfa8 27. Qb5 Bxg2
28. Kxg2 Qd5+ 29. f3 h6 30. Bc1 Qd6 31. Kh3 f4 32. gxf4 Qe6+ 33. Kg2 exf4 34.
Bxf4 Rxe2+ 35. Rxe2 Qxe2+ 36. Kg3 Qe1+ 37. Kh3 Rf8 38. Bg3 Qe6+ 39. Kg2 Qe2+ 40.
Kh3 Qf1+ 41. Kg4 Qxf3+ 42. Kh3 Qf1+ 43. Kh4 Be7+ 44. Kh5 Rf5+ 45. Kg6 Rg5+ 46.
Qxg5 Bxg5 47. Bc7 Qf7# {RavenelTangi est échec et mat} 0-1

[Event "Tournament 14471 - Europe Echecs"]
[Site "Europe Echecs"]
[Date "2020.07.09"]
[Round "9"]
[Time "18:23:23"]
[PlyCount "96"]
[White "ThibousMathis"]
[Black "CastagnerolAmb"]
[WhiteElo "1313"]
[BlackElo "1451"]
[Mode "WEB"]
[Result "1-0"]

1. c4 e6 2. Nc3 d5 3. cxd5 exd5 4. d4 Nf6 5. g3 Be7 6. Bg2 c6 7. e3 O-O 8. Nge2
Nbd7 9. O-O Re8 10. a3 Nf8 11. b4 a6 12. Bb2 Ne6 13. Rc1 Bd7 14. Qb3 Rc8 15. a4
Qb6 16. b5 axb5 17. axb5 Nc7 18. Nf4 Be6 19. Ba3 Bxa3 20. Qxa3 Nxb5 21. Nxb5
Qxb5 22. Rb1 Qa6 23. Qxa6 bxa6 24. Rb6 a5 25. Ra6 Bd7 26. Rxa5 Rb8 27. Ra7 Be6
28. Rc7 Rec8 29. Nxe6 fxe6 30. Re7 Kf8 31. Ra7 Rd8 32. Bh3 Re8 33. Rc7 Rbc8 34.
Rxc8 Rxc8 35. Bxe6 Rb8 36. Rc1 Rb6 37. Kg2 Ke7 38. Bh3 g6 39. Ra1 Rb7 40. Ra6
Kd6 41. Ra8 Rb6 42. Rd8+ Kc7 43. Rf8 Ne4 44. Rf7+ Kb8 45. Rxh7 Rb2 46. Rf7 Ka8
47. Bd7 Nc3 48. Bxc6+ {CastagnerolAmb a perdu au temps} 1-0

[Event "Tournament 14471 - Europe Echecs"]
[Site "Europe Echecs"]
[Date "2020.07.09"]
[Round "9"]
[Time "18:23:23"]
[PlyCount "55"]
[White "MendozaMael"]
[Black "MeyssirelTom"]
[WhiteElo "1451"]
[BlackElo "1333"]
[Mode "WEB"]
[Result "1/2-1/2"]

1. e4 e5 2. Nf3 Nc6 3. Bb5 a6 4. Bxc6 dxc6 5. O-O Bg4 6. d3 Bd6 7. h3 h5 8. Nbd2
Bxf3 9. Nxf3 Nf6 10. a4 O-O 11. Bg5 b5 12. Nd2 g6 13. Qf3 Be7 14. b3 Nxe4 15.
Bxe7 Nxd2 16. Bxd8 Nxf3+ 17. gxf3 Raxd8 18. Rfe1 Rfe8 19. axb5 axb5 20. Ra7 Rd7
21. f4 f6 22. fxe5 Rxe5 23. Rxe5 fxe5 24. Ra6 Rd6 25. Ra7 Rd7 26. Ra6 Rd6 27.
Ra7 Rd7 {Nulle par répétition} 1/2-1/2

[Event "Tournament 14471 - Europe Echecs"]
[Site "Europe Echecs"]
[Date "2020.07.09"]
[Round "9"]
[Time "18:23:23"]
[PlyCount "37"]
[White "CombaudonCypri"]
[Black "DupuisEsteban"]
[WhiteElo "1437"]
[BlackElo "1234"]
[Mode "WEB"]
[Result "0-1"]

1. e4 d5 2. exd5 Qxd5 3. Nc3 Qa5 4. d3 c6 5. Bd2 Qc7 6. Nf3 Bg4 7. Be2 Nf6 8. h3
Bh5 9. Nd4 Bxe2 10. Qxe2 e6 11. O-O Bc5 12. Be3 Nbd7 13. Nb3 Bxe3 14. Qxe3 O-O-O
15. Qxa7 g5 16. a4 g4 17. hxg4 Nxg4 18. a5 Qh2# {CombaudonCypri est échec et mat} 0-1

[Event "Tournament 14471 - Europe Echecs"]
[Site "Europe Echecs"]
[Date "2020.07.09"]
[Round "9"]
[Time "18:23:23"]
[PlyCount "47"]
[White "CarrollAlden"]
[Black "PerardJouaultE"]
[WhiteElo "1370"]
[BlackElo "1791"]
[Mode "WEB"]
[Result "0-1"]

1. d4 Nf6 2. c4 g6 3. Nc3 d5 4. Bf4 Bg7 5. Nf3 O-O 6. e3 c6 7. Be2 Nbd7 8. O-O
e6 9. Bd6 Re8 10. c5 Bf8 11. Bxf8 Kxf8 12. Ne5 Nxe5 13. dxe5 Nd7 14. b4 Nxe5 15.
Qd4 f6 16. f4 Nf7 17. Bd3 Kg7 18. h4 e5 19. fxe5 fxe5 20. Rxf7+ Kxf7 21. Bxg6+
hxg6 22. Rf1+ Kg7 23. Qd2 Bf5 {CarrollAlden a abandonné} 0-1

[Event "Tournament 14471 - Europe Echecs"]
[Site "Europe Echecs"]
[Date "2020.07.09"]
[Round "9"]
[Time "18:23:23"]
[PlyCount "73"]
[White "RoumeguereGabi"]
[Black "GardeGuillaume"]
[WhiteElo "1365"]
[BlackElo "1716"]
[Mode "WEB"]
[Result "0-1"]

1. e4 e6 2. Nf3 d5 3. e5 c5 4. d4 cxd4 5. Qxd4 Nc6 6. Bb5 Bd7 7. Qd1 Nxe5 8.
Nxe5 Bxb5 9. Qh5 Qc7 10. Nc3 Ba6 11. Bf4 Nf6 12. Qh4 Bd6 13. Ng6 fxg6 14. Bxd6
Qxd6 15. O-O-O O-O 16. Rhe1 Rfe8 17. Ne4 Nxe4 18. Rxe4 Qe7 19. Qxe7 Rxe7 20.
Rxd5 exd5 21. Rxe7 Rf8 22. f3 Rf6 23. a4 Kf8 24. Rc7 Re6 25. Rc8+ Kf7 26. Rc7+
Re7 27. Rxe7+ Kxe7 28. b4 Bf1 29. g3 g5 30. Kd2 Ke6 31. Ke3 Ke5 32. f4+ gxf4+
33. gxf4+ Kf5 34. Kf2 Bc4 35. Ke3 Kg4 36. Kf2 Kxf4 {RoumeguereGabi a abandonné} 0-1

[Event "Tournament 14471 - Europe Echecs"]
[Site "Europe Echecs"]
[Date "2020.07.09"]
[Round "9"]
[Time "18:23:23"]
[PlyCount "96"]
[White "GabinoKarl"]
[Black "BerezovskyFior"]
[WhiteElo "1331"]
[BlackElo "1646"]
[Mode "WEB"]
[Result "1-0"]

1. e4 c5 2. Nf3 e6 3. d4 cxd4 4. Nxd4 a6 5. Nc3 Qc7 6. Be3 Nf6 7. Be2 Bb4 8. O-O
Bxc3 9. bxc3 Nxe4 10. Bd3 Nxc3 11. Qg4 Qe5 12. Rfe1 h5 13. Qh4 Qa5 14. Bf4 Nd5
15. Bd6 Nf6 16. f4 Qd5 17. Nf5 Rg8 18. Bb4 d6 19. Nxd6+ Kd7 20. Bb5+ Kc7 21.
Rad1 Qxa2 22. Qf2 Nc6 23. Qc5 Nd7 24. Qc3 axb5 25. Nxb5+ Kd8 26. Ra1 Qd5 27.
Rxa8 Qxb5 28. Rd1 Qxb4 29. Qd3 Qc5+ 30. Kh1 Qd5 31. Qe2 Qc5 32. Qd2 Qe7 33. Qd3
f6 34. Qb3 b6 35. Qxb6+ Ke8 36. Rxc8+ Kf7 37. Qxc6 Rxc8 38. Qxc8 Kg6 39. Qxd7
Qc5 40. Qd3+ Kf7 41. Qd7+ Kg6 42. Qd3+ Kf7 43. Qd2 Kg6 44. c3 f5 45. Qe2 Qxc3
46. Qxe6+ Kh7 47. Qxf5+ Kg8 48. Rd8# {BerezovskyFior est échec et mat} 1-0

[Event "Tournament 14471 - Europe Echecs"]
[Site "Europe Echecs"]
[Date "2020.07.09"]
[Round "9"]
[Time "18:23:23"]
[PlyCount "77"]
[White "HammGabrielle"]
[Black "ChaumetEtienne"]
[WhiteElo "1359"]
[BlackElo "1639"]
[Mode "WEB"]
[Result "0-1"]

1. e4 c5 2. Nf3 Nc6 3. Bb5 e6 4. c3 Nge7 5. O-O g6 6. d4 cxd4 7. cxd4 d5 8. Nc3
Bg7 9. e5 O-O 10. Be3 Qc7 11. Rc1 a6 12. Ba4 b5 13. Bb3 Bb7 14. a4 b4 15. Ne2 a5
16. Qd2 Nf5 17. Bc2 Nxe3 18. Qxe3 Rac8 19. Bd3 Qb6 20. b3 Rc7 21. Rc5 Nxd4 22.
Rxc7 Nxe2+ 23. Bxe2 Qxc7 24. Rc1 Qd7 25. Bb5 Qd8 26. Qc5 Qa8 27. Qd4 Ba6 28. Bc6
Rc8 29. Qb6 Bb7 30. Nd4 Bxe5 31. Kf1 Bxd4 32. Qxd4 Rxc6 33. Re1 Ba6+ 34. Kg1 Qc8
35. Qd2 Rc2 36. Qe3 Qc5 37. Qxc5 Rxc5 38. g3 Rc3 {HammGabrielle a abandonné} 0-1

[Event "Tournament 14471 - Europe Echecs"]
[Site "Europe Echecs"]
[Date "2020.07.09"]
[Round "9"]
[Time "18:23:23"]
[PlyCount "63"]
[White "ZaninClement"]
[Black "TaharountIlyan"]
[WhiteElo "1327"]
[BlackElo "1547"]
[Mode "WEB"]
[Result "0-1"]

1. e4 e5 2. Nf3 Nc6 3. Bc4 Bc5 4. d3 d6 5. h3 Nf6 6. Bg5 Be6 7. Nc3 Bxc4 8. dxc4
h6 9. Bh4 Bb4 10. O-O g5 11. Bg3 Bxc3 12. bxc3 Nxe4 13. Qd3 f5 14. Rad1 Qf6 15.
Rfe1 O-O-O 16. h4 Nxg3 17. fxg3 e4 18. hxg5 hxg5 19. Qe3 exf3 20. Qxf3 Ne5 21.
Qd5 Qh6 22. Rb1 c6 23. Qd4 Ng4 24. Kf1 Qh1+ 25. Ke2 Rhe8+ 26. Kd2 Qxg2+ 27. Kd3
Qxg3+ 28. Kd2 Qg2+ 29. Kd3 Ne5+ 30. Ke3 Nf3+ 31. Kd3 Qd2# {ZaninClement est échec et mat} 0-1

[Event "Tournament 14471 - Europe Echecs"]
[Site "Europe Echecs"]
[Date "2020.07.09"]
[Round "9"]
[Time "18:23:23"]
[PlyCount "102"]
[White "NezosiConstant"]
[Black "BeaurainYanis"]
[WhiteElo "1458"]
[BlackElo "1342"]
[Mode "WEB"]
[Result "1-0"]

1. d4 Nf6 2. c4 g6 3. Nc3 Bg7 4. e4 d6 5. Nge2 O-O 6. Ng3 Nc6 7. Be2 e5 8. d5
Ne7 9. Bg5 h6 10. Bxf6 Bxf6 11. h4 h5 12. Nxh5 gxh5 13. Bxh5 Ng6 14. g4 Bxh4 15.
Qf3 Qf6 16. Qxf6 Bxf6 17. Nb5 Bd8 18. Bxg6 fxg6 19. O-O-O a6 20. Nc3 Bxg4 21.
Rdg1 Rf4 22. f3 Bxf3 23. Rxg6+ Kf7 24. Rhg1 Bf6 25. Rh6 Rg4 26. Rf1 Rg3 27. Ne2
Bg5+ 28. Kb1 Ke7 29. Nxg3 Bxe4+ 30. Nxe4 Bxh6 31. Rh1 Bf4 32. Rh7+ Kd8 33. Rh8+
Ke7 34. Rxa8 c6 35. dxc6 bxc6 36. Rxa6 d5 37. cxd5 cxd5 38. Nf2 e4 39. b4 d4 40.
Nxe4 d3 41. b5 d2 42. Kc2 Kd7 43. Nxd2 Bxd2 44. Kxd2 Kc7 45. Rc6+ Kb7 46. a4 Ka7
47. a5 Kb7 48. a6+ Ka7 49. Rc7+ Kb8 50. b6 Ka8 51. Rc8# {BeaurainYanis est échec et mat} 1-0

[Event "Tournament 14471 - Europe Echecs"]
[Site "Europe Echecs"]
[Date "2020.07.09"]
[Round "9"]
[Time "18:23:23"]
[PlyCount "121"]
[White "PoussetRaphael"]
[Black "DelmasRaphael"]
[WhiteElo "1452"]
[BlackElo "1325"]
[Mode "WEB"]
[Result "1/2-1/2"]

1. d4 d6 2. c4 g6 3. Nc3 Bg7 4. Nf3 Nf6 5. Bf4 O-O 6. e3 Nbd7 7. Bd3 Re8 8. O-O
h6 9. Bg3 e5 10. dxe5 dxe5 11. Bc2 Nh5 12. Qd5 Nxg3 13. hxg3 Nb6 14. Qxd8 Rxd8
15. Rad1 Rxd1 16. Rxd1 Nxc4 17. b3 Nd6 18. Nd5 Bg4 19. Nxc7 Rc8 20. Rxd6 Rxc7
21. Be4 f5 22. Bd5+ Kh7 23. Bc4 Bxf3 24. gxf3 Bf8 25. Re6 Bg7 26. Kf1 Rd7 27.
Ke2 g5 28. Bd3 Rf7 29. e4 f4 30. Bc4 Rd7 31. Bd5 b6 32. Kd3 Rc7 33. Rc6 Rxc6 34.
Bxc6 fxg3 35. fxg3 h5 36. Kc4 h4 37. gxh4 gxh4 38. Bd7 Kg6 39. Kb5 Kg5 40. Ka6
Kf4 41. Kxa7 Kxf3 42. Kxb6 Kxe4 43. a4 Kd4 44. a5 e4 45. a6 e3 46. a7 e2 47.
a8=Q e1=Q 48. Qa4+ Kd3 49. Bb5+ Ke3 50. Qc4 Bd4+ 51. Ka6 Qa1+ 52. Ba4 Qc3 53.
Qe6+ Kd2 54. Qh6+ Kc2 55. Qg6+ Qd3+ 56. Qxd3+ Kxd3 57. Bd7 Kc3 58. Be6 Kb4 59.
Kb7 h3 60. Bxh3 Kxb3 {Aucun joueur n'a le mat&eacute;riel pour mater} 1/2-1/2

[Event "Tournament 14471 - Europe Echecs"]
[Site "Europe Echecs"]
[Date "2020.07.09"]
[Round "9"]
[Time "18:23:23"]
[PlyCount "60"]
[White "EboueYuri"]
[Black "DumonteilDimit"]
[WhiteElo "1304"]
[BlackElo "1439"]
[Mode "WEB"]
[Result "1-0"]

1. e4 c5 2. Nf3 d6 3. d4 cxd4 4. Nxd4 Nf6 5. Nc3 Nc6 6. Be3 e5 7. Nf3 Bg4 8. Be2
Qd7 9. h3 Be6 10. Ng5 Be7 11. Nb5 h6 12. Nxe6 fxe6 13. Bh5+ Kf8 14. Nc3 d5 15.
exd5 exd5 16. Bd2 d4 17. Nb5 a6 18. Na3 b5 19. Bg4 Qd6 20. Qe2 Kf7 21. Bh5+ g6
22. Bf3 Qe6 23. Be4 Rhd8 24. Bxh6 Nxe4 25. Qxe4 b4 26. Nb1 Na5 27. Nd2 Rac8 28.
Nb3 Nc4 29. Rb1 a5 30. Qf3+ {DumonteilDimit a perdu au temps} 1-0

[Event "Tournament 14471 - Europe Echecs"]
[Site "Europe Echecs"]
[Date "2020.07.09"]
[Round "9"]
[Time "18:23:23"]
[PlyCount "264"]
[White "ChalonMaceo"]
[Black "ChevillonCelia"]
[WhiteElo "1280"]
[BlackElo "1433"]
[Mode "WEB"]
[Result "1/2-1/2"]

1. e4 e5 2. Nf3 Nc6 3. Bc4 Bc5 4. c3 Nf6 5. d3 h6 6. O-O d6 7. Re1 O-O 8. Nbd2
Bg4 9. h3 Bh5 10. Nf1 Re8 11. Ng3 Bg6 12. a4 d5 13. exd5 Nxd5 14. Ne4 Bf8 15.
Bd2 a6 16. b4 Nb6 17. a5 Nxc4 18. dxc4 Qd7 19. Nc5 Bxc5 20. bxc5 Rad8 21. Qb3
Rb8 22. Be3 Qe6 23. Red1 Be4 24. Ne1 Qg6 25. f3 Bf5 26. Kh2 Qh7 27. Rd2 g5 28.
g4 Be6 29. Nd3 Kh8 30. Nb4 Qg6 31. Nd5 Rec8 32. Bf2 f5 33. Bg3 f4 34. Bf2 h5 35.
Raa2 hxg4 36. fxg4 Qh6 37. Be1 Bxg4 38. Rd3 Bf5 39. Rf3 e4 40. Rff2 Qxh3+ 41.
Kg1 e3 42. Rh2 Qxh2+ 43. Rxh2+ Kg7 44. Qb2 Re8 45. Nxc7 Re7 46. Nd5 Re5 47. Rg2
Kg6 48. Nxe3 Rxe3 49. Re2 Rf3 50. Rf2 Re3 51. Re2 Rf3 52. Rf2 Re3 53. Bd2 Re4
54. Bxf4 Rxf4 55. Rxf4 gxf4 56. Qg2+ Kf6 57. Qd5 Be6 58. Qd6 Kf5 59. Qd3+ Kf6
60. Kf2 Rd8 61. Qe2 Bf5 62. Qb2 Rd7 63. Qb6 Rf7 64. Qb2 Nxa5 65. c6 Nxc6 66. Qd2
Kg6 67. Qd6+ Rf6 68. Qd5 Be6 69. Qe4+ Kg5 70. Qg2+ Bg4 71. Qd5+ Kh4 72. Qh1+ Bh3
73. Kf3 Ne5+ 74. Ke4 Ng4 75. Qe1+ Kh5 76. Kd5 Rf5+ 77. Kd4 Ne3 78. Qe2+ f3 79.
Qxe3 f2 80. Qxh3+ Kg5 81. Qf1 Kg4 82. Ke3 Rf3+ 83. Kd2 b6 84. Ke2 Kg3 85. Kd2 a5
86. Kc2 Re3 87. Kb3 Re1 88. Qd3+ Kg2 89. Qd5+ Kg1 90. Qg5+ Kf1 91. c5 bxc5 92.
Qxc5 Re2 93. Qxa5 Ke1 94. Qa1+ Kd2 95. Qb2+ Ke3 96. Qc1+ Kf3 97. Qh1+ Ke3 98.
Qc1+ Kf3 99. Qh1+ Kg3 100. Qf1 Kf3 101. c4 Re1 102. Qd3+ Kg2 103. Qd5+ Kg1 104.
Qg5+ Kh1 105. Qd5+ Kg1 106. Qg5+ Kf1 107. c5 Ke2 108. Qg4+ Kd2 109. Qf4+ Ke2
110. Qg4+ Kd2 111. Qf4+ Ke2 112. Qc4+ Kf3 113. Qd5+ Kg3 114. Qd3+ Kg2 115. Qd5+
Kg1 116. Qg5+ Kh1 117. Qh5+ Kg1 118. Qg5+ Kh1 119. Qh4+ Kg1 120. Qg3+ Kf1 121.
c6 Ke2 122. Qg4+ Ke3 123. Qg3+ Ke2 124. Qe5+ Kf3 125. Qd5+ Ke2 126. Qc4+ Kf3
127. Qd3+ Re3 128. Qxe3+ Kxe3 129. c7 f1=Q 130. c8=Q Qd3+ 131. Qc3 Qxc3+ 132.
Kxc3 {Aucun joueur n'a le mat&eacute;riel pour mater} 1/2-1/2

[Event "Tournament 14471 - Europe Echecs"]
[Site "Europe Echecs"]
[Date "2020.07.09"]
[Round "9"]
[Time "18:23:23"]
[PlyCount "106"]
[White "PernotMael"]
[Black "BrunEmilie"]
[WhiteElo "1407"]
[BlackElo "1320"]
[Mode "WEB"]
[Result "1-0"]

1. e4 e6 2. d4 d5 3. exd5 exd5 4. Nc3 Nc6 5. Bb5 Nge7 6. Qe2 Bd7 7. Bg5 h6 8.
Bxe7 Qxe7 9. Nxd5 Qxe2+ 10. Nxe2 O-O-O 11. O-O-O Nb4 12. Bxd7+ Rxd7 13. Nxb4
Bxb4 14. c3 Be7 15. Nf4 Bg5 16. g3 Re8 17. Kb1 Bf6 18. Rhe1 Rde7 19. Nd3 g5 20.
Rxe7 Rxe7 21. Re1 Rxe1+ 22. Nxe1 h5 23. Kc2 Kd7 24. Kd3 Ke6 25. Ke4 Be7 26. Nd3
f5+ 27. Ke3 Bd6 28. f4 gxf4+ 29. Nxf4+ Bxf4+ 30. Kxf4 Kf6 31. h3 Kg6 32. Ke5 Kg5
33. c4 h4 34. gxh4+ Kxh4 35. Kxf5 Kxh3 36. b4 Kg3 37. Ke4 Kf2 38. c5 Ke2 39. d5
Kd2 40. d6 cxd6 41. cxd6 Kc3 42. d7 Kxb4 43. d8=Q Ka4 44. Qd3 b5 45. Qb3+ Ka5
46. Kd5 Kb6 47. a4 a6 48. Kd6 Kb7 49. axb5 axb5 50. Qxb5+ Kc8 51. Qd7+ Kb8 52.
Kc6 Ka8 53. Qb7# {BrunEmilie est échec et mat} 1-0

[Event "Tournament 14471 - Europe Echecs"]
[Site "Europe Echecs"]
[Date "2020.07.09"]
[Round "9"]
[Time "18:23:23"]
[PlyCount "72"]
[White "DecultotJacque"]
[Black "LhostisLucie"]
[WhiteElo "1404"]
[BlackElo "1265"]
[Mode "WEB"]
[Result "1-0"]

1. e4 e5 2. Nf3 Nc6 3. Bc4 Bc5 4. c3 Nf6 5. d4 exd4 6. cxd4 Bb4+ 7. Nc3 d5 8.
O-O dxc4 9. Qa4 Bxc3 10. bxc3 O-O 11. Bg5 h6 12. Bh4 Qe7 13. e5 g5 14. exf6 Qxf6
15. Bg3 Qe7 16. Qxc4 Be6 17. d5 Na5 18. Qb5 c6 19. Qxa5 Bxd5 20. Rfe1 Qf6 21.
Nd4 b6 22. Qa3 c5 23. Nc2 Rfe8 24. Qc1 Qxc3 25. Ne3 Qd3 26. Nxd5 Qxd5 27. Qd1
Qc4 28. Qd7 Rxe1+ 29. Rxe1 Qxa2 30. Re8+ Rxe8 31. Qxe8+ Kg7 32. h3 c4 33. Be5+
Kg6 34. g4 Qb1+ 35. Kh2 Qe1 36. Qg8# {LhostisLucie est échec et mat} 1-0

[Event "Tournament 14471 - Europe Echecs"]
[Site "Europe Echecs"]
[Date "2020.07.09"]
[Round "9"]
[Time "18:23:23"]
[PlyCount "152"]
[White "MicheliElora"]
[Black "DarrortNahia"]
[WhiteElo "1394"]
[BlackElo "1263"]
[Mode "WEB"]
[Result "1-0"]

1. e4 c5 2. Nf3 d6 3. Nc3 Nf6 4. d4 cxd4 5. Nxd4 g6 6. g3 Bg7 7. Bg2 Nc6 8. Nde2
Bd7 9. O-O O-O 10. h3 Rc8 11. Be3 a6 12. a4 Ne5 13. b3 b5 14. axb5 axb5 15. f4
Nc6 16. Nxb5 Nb4 17. Nbc3 Ra8 18. Rxa8 Qxa8 19. e5 Bc6 20. Bxc6 Qxc6 21. exf6
Bxf6 22. Bd4 Bxd4+ 23. Qxd4 Nxc2 24. Qe4 Qxe4 25. Nxe4 Ne3 26. Rc1 Nd5 27. Kf2
Rb8 28. Nd2 Rb4 29. Rc4 Rxc4 30. Nxc4 Nc7 31. b4 Kf8 32. Nc3 Ke8 33. b5 Kd7 34.
Ke3 Kc8 35. Kd4 Kb7 36. Ke4 f5+ 37. Kf3 d5 38. Na3 Kb6 39. g4 e6 40. gxf5 exf5
41. Ke3 Kc5 42. Kd3 d4 43. Ne2 Ne6 44. Nc2 Kxb5 45. Ncxd4+ Nxd4 46. Nxd4+ Kc5
47. Ne6+ Kd5 48. Nf8 h6 49. Nxg6 Ke6 50. Kd4 Kf6 51. Nh4 Ke6 52. Kc5 h5 53. Kd4
Kf6 54. Kd5 Kg7 55. Ke5 Kh6 56. Kxf5 Kg7 57. Kg5 Kf7 58. f5 Kg7 59. Ng6 Kf7 60.
f6 Kg8 61. Kxh5 Kf7 62. Kg5 Kg8 63. Ne5 Kf8 64. f7 Ke7 65. Kg6 Kf8 66. h4 Ke7
67. Kg7 Ke6 68. f8=Q Kxe5 69. h5 Ke4 70. h6 Kd3 71. h7 Kc3 72. h8=Q Kd3 73. Qh4
Kd2 74. Qf3 Kc2 75. Qh2+ Kb1 76. Qf1# {DarrortNahia est échec et mat} 1-0